| 000 | 00458nam a2200157Ia 4500 | ||
|---|---|---|---|
| 999 |
_c18341 _d18341 |
||
| 082 | _aRR 491.2321 PRA; | ||
| 245 | 0 | _aPractical Sanskrit -English dictionary | |
| 260 |
_aPoona _bPrasad Prakashan _c1957 |
||
| 300 | _a1297 - 1768,112p. | ||
| 500 | _aContents: Vol.3.(yeh-haa and 6 appendixes) | ||
| 650 | _aEnglish language - Dictionaries | ||
| 650 | _aSanskrit language - Dictionaries | ||
| 700 | _aKarve, C.G. | ||
| 700 | _aGode, P.K. | ||
| 942 |
_cBK _2ddc |
||